000 00613nam a2200241 a 4500
999 _c4973
_d4973
001 4973
003 BD-JhCC
005 20171206103130.0
008 171206s1964 e a|||| || | 001 0 eng d
035 _a(BD-JhCC)4973
040 _aBD-JhCC
_dBD-JhCC
041 _aeng
082 _a523.1
_bBER 1964
100 _aBernard
245 _aDiscovering The Universe /
_cBernard
260 _aLondon :
_bThe English Language Book Society and Ernest Benn Ltd,
_c1964
300 _a135 p. :
_c25 cm.
650 _aAstronomy
650 _aCosmology
700 _aLovell, Joyce
942 _2ddc
_cBK